000 00461nam a2200169 i 4500
001 49797
003 ES-MaACL
005 20230906162050.0
007 t|
008 030723s1958 sp ||||1| spa d
100 1 _aCovaleda, Antonio.
_941347
245 1 0 _aGuía de Aranjuez /
_cAntonio Covaleda.
250 _a1ª ed.
260 _aMadrid :
_bParaninfo,
_c1958.
300 _a170 p., 1 gráf. pleg. :
_bil. ;
_c16 cm.
852 _aES-MaACL
_jC-15283
_bR.42988
999 _c49797
_d49797